Państwa, które zostały zasiedlone jako ostatnie - Statystyki

Ogólne statystyki
  • Ten quiz został rozwiązany 1 797 razy
  • Średni wynik to 5 z 9
Statystyki odpowiedzi
Rok Pierwsze zasiedlone przez Państwo % Poprawnych
874 Norwegów Islandia
81%
1250 Polinezyjczyków Nowa Zelandia
75%
1770 Francuzów Seszele
64%
1462 Portugalczyków Republika Zielonego Przylądka
63%
1638 Holendrów Mauritius
60%
1485 Portugalczyków Wyspy Świętego Tomasza i Książeca
59%
550 Ludy Bantu Komory
57%
500 Borneńczyków Madagaskar
56%
850 Ludy Taino Bahamy
30%
Nie znaleziono quizów pasujących do podanych kryteriów
Rozkład punktacji
Procent ludzi z każdym wynikiem
Percentyl według liczby udzielonych odpowiedzi
Twoja historia wyników
Nie rozwiązałeś tego quizu